Ferries Blog Quiz - Statistics

General Stats
  • This quiz has been taken 6 times
  • The average score is 6 of 15
Answer Stats
Question Answer % Correct
In which Canadian Province is the worlds longest cable ferry ? British Columbia
67%
Over which river did the ferryman Charon carry souls ? Styx
67%
How many seconds does the shortest ferry crossing take? 30
50%
The first Ro/Ro ferries carried trains over a canal in which country ? Scotland
50%
Waxholmsbolaget is a company that operates in which country ? Sweden
50%
The longest ferry route is in which country ? United States
50%
The worlds fastest ferry runs from which city ? Buenos Aires
33%
What is the name for a ferry that just carries passengers ? Foot Ferry
33%
The only hovercraft service currently runs to which island ? Isle of Wight
33%
And to which other city ? Montevideo
33%
Which religious group started the Mersey Ferry ? Benedictine Monks
17%
Who sang "Ferry Cross the Mersey" ? Gerry and the Pacemakers
17%
What did the Romans use to power their ferries ? Horses or Oxen
17%
Apart from electric and LNG what other alternative fuel is now used to power ferries? Methanol
17%
What is the name for a ferry that has a device for turning vehicles ? Turntable Ferry
17%
No matching quizzes found
Score Distribution
Percent of People with Each Score
Percentile by Number Answered
Your Score History
You have not taken this quiz